Statistics for Famous video games

Click here to take the quiz!

General Stats

  • This quiz has been taken 42 times
  • The average score is 6 of 15

Answer Stats

HintAnswer% Correct
CreeperMinecraft
89%
The mouth eats the dots and avoids ghostspac-man
76%
cut the fruits, avoid the bombsfruit ninja
63%
the bigger dot eats the smalleragar.io
55%
peashooter and annoying pole-vaulting zombiesplants vs zombies
55%
platformer. Mushrooms make you growsuper Mario
55%
A game where you collect creatures called pokemonpokemon go
53%
You're a snake. dont smash into other snakesslither.io
47%
older version of clash royaleclash of clans
47%
Tycoons, Tycoons, Tycoonsroblox
24%
drop bombs to destroy other playersbomber man
18%
2d epic game with lots of mobs to fight.terraria
11%
{Highly recomended} 3d tanks online that fight other tanks to earn crystalsTanki Online
5%
you have cards and you try to fight off other players's cards. try to get a legendaryclash royale
5%
2d tanks online that fight other tanks to earn upgradesDiep.io
0%

Score Distribution

Percentile by Number Answered

Percent of People with Each Score

Your Score History

You have not taken this quiz